00931nam a2200241 i 450000100060000000300090000600500170001500700030003200800410003508000230007608000190009910000460011824501100016426000450027430000220031949000440034165100560038565100330044183000520047485200210052699900170054795201250056445961ES-MaACL20251011063104.0t|030327s1874 sp ||||1| spa d a94(460)"0711/1492" a94(460=411.21)1 aConde, José Antonio, d1766-182094009810aHistoria de la dominación de los árabes en España b: [obra completa] / cpor José Antonio Conde. aMadrid : b[s.n.], c1874 (fR. Vicente) a327 p. ; c27 cm.1 aBiblioteca de historiadores españoles 4aEspaña-xHistoria-y0711-1492, Reconquista.98217 4aAl-Andalus-xHistoria.9760900aBiblioteca de historiadores españoles9188200 aES-MaACLjG-5880 c45961d45961 001040708LIBXIXaATENEOMbATENEOMcDEPO2d2008-01-17eSCl0oG-5880p1048355r2023-02-23 00:00:00w2023-02-23yMONANT